[Event "DOM-ch"]
[Site "Santo Domingo"]
[Date "2015.05.10"]
[Round "8"]
[White "Garcia Acosta, Darlin"]
[Black "Feliz Dotel, Dewar Bienvenido"]
[Result "1/2-1/2"]
[WhiteElo "1789"]
[BlackElo "2047"]
[PlyCount "172"]
[EventDate "2015.05.01"]
[EventType "swiss"]
[EventRounds "11"]
[EventCountry "DOM"]
[SourceTitle "CBM 166 Extra"]
[Source "ChessBase"]
[SourceDate "2015.06.18"]
[SourceVersion "1"]
[SourceVersionDate "2015.06.18"]
[SourceQuality "1"]

1. e4 d5 2. exd5 Nf6 3. Bc4 Nxd5 4. Nf3 Bf5 5. d3 Nc6 6. Bd2 e5 7. Nc3 Nxc3 8. Bxc3 Bd6 9. Qd2 0-0 10. Qg5 Qxg5 11. Nxg5 Nd4 12. Bxd4 exd4 13. 0-0 Be5 14. Rae1 Bf6 15. Ne4 Bh4 16. Ng3 Bg6 17. Re2 c6 18. a3 b5 19. Bb3 c5 20. Ne4 Rac8 21. Nd6 c4 22. Nxc8 cxb3 23. Rfe1 bxc2 24. Rxc2 Bxd3 25. Rd2 Bg6 26. Rxd4 Bf6 27. Ne7+ Kh8 28. Nxg6+ hxg6 29. Rb4 a6 30. a4 bxa4 31. Rxa4 Bxb2 32. Rxa6 g5 33. Rb1 Re8 34. g3 Bd4 35. Rd1 Bf6 36. Rd7 Kg8 37. Raa7 Rf8 38. Kg2 g6 39. Rd5 Kg7 40. Raa5 Rc8 41. Ra7 Rf8 42. g4 Rc8 43. Rdd7 Rf8 44. h3 Be5 45. Rd5 Bf6 46. Raa5 Rc8 47. Rxg5 Bxg5 48. Rxg5 Rc4 49. Kg3 Rc3+ 50. f3 Rc1 51. Ra5 Rg1+ 52. Kf2 Rh1 53. Kg2 Rb1 54. h4 Rb2+ 55. Kg3 Rb1 56. h5 gxh5 57. Rg5+ Kf6 58. Rxh5 Kg7 59. Rg5+ Kf6 60. Ra5 Rc1 61. Ra6+ Kg7 62. f4 Rg1+ 63. Kf3 Rf1+ 64. Ke4 Re1+ 65. Kf5 Rb1 66. Kg5 Rg1 67. Ra7 Rb1 68. f5 Rb6 69. Ra4 Rc6 70. Rf4 f6+ 71. Kh4 Rc1 72. Rf3 Rh1+ 73. Kg3 Ra1 74. Rc3 Rg1+ 75. Kf4 Rf1+ 76. Rf3 Ra1 77. Rd3 Rf1+ 78. Ke4 Re1+ 79. Kf3 Rf1+ 80. Kg2 Ra1 81. Rd6 Ra3 82. Re6 Rb3 83. Kf2 Ra3 84. Re3 Ra1 85. Kg3 Rg1+ 86. Kf4 Rf1+ 1/2-1/2

[Event "DOM-ch"]
[Site "Santo Domingo"]
[Date "2015.05.02"]
[Round "2"]
[White "Garcia Acosta, Darlin"]
[Black "Castillo Vazquez, Adgart Miguel"]
[Result "1/2-1/2"]
[WhiteElo "1789"]
[BlackElo "2020"]
[PlyCount "175"]
[EventDate "2015.05.01"]
[EventType "swiss"]
[EventRounds "11"]
[EventCountry "DOM"]
[SourceTitle "CBM 166 Extra"]
[Source "ChessBase"]
[SourceDate "2015.06.18"]
[SourceVersion "1"]
[SourceVersionDate "2015.06.18"]
[SourceQuality "1"]

1. e4 c6 2. d4 d5 3. exd5 cxd5 4. Nf3 Nc6 5. c3 Nf6 6. Nbd2 Bg4 7. Be2 e6 8. Qa4 Qd7 9. Qd1 Bd6 10. Ne5 Bxe5 11. Bxg4 Nxg4 12. Qxg4 Bf6 13. Nb3 0-0 14. 0-0 g6 15. Bh6 Bg7 16. Bxg7 Kxg7 17. Nc5 Qe7 18. Rae1 Na5 19. f4 Rfe8 20. Qg3 Kh8 21. f5 gxf5 22. Qe5+ Kg8 23. Rxf5 exf5 24. Qxe7 Rxe7 25. Rxe7 Kf8 26. Rd7 Re8 27. Nxb7 Nc4 28. Nd6 Nxd6 29. Rxd6 Re2 30. b4 Rc2 31. Rxd5 Rxc3 32. Ra5 Rc7 33. Rc5 Rd7 34. Rc4 Ke7 35. Kf2 Kd6 36. Rc5 Ke6 37. Ke3 f6 38. g3 h5 39. a4 h4 40. b5 hxg3 41. hxg3 Rg7 42. Rc6+ Kd5 43. Kf4 Rg4+ 44. Kxf5 Rxg3 45. Kxf6 Kxd4 46. Ke7 Kd5 47. Kd7 Rg4 48. Ra6 Kc5 49. Kc7 Rg7+ 50. Kb8 Rg8+ 51. Kxa7 Rg7+ 52. Kb8 Rg8+ 53. Kc7 Rg7+ 54. Kd8 Rg8+ 55. Ke7 Rg7+ 56. Kf6 Rh7 57. Kf5 Re7 58. Re6 Ra7 59. Re4 Kb6 60. Kf4 Rd7 61. Rc4 Ra7 62. Ke3 Rh7 63. Kd4 Rh4+ 64. Kc3 Rh3+ 65. Kb4 Rg3 66. a5+ Kb7 67. Rh4 Rg7 68. a6+ Kb6 69. Rh6+ Ka7 70. Ka5 Rg5 71. Rh7+ Ka8 72. Rc7 Rh5 73. Kb6 Rh6+ 74. Rc6 Rh8 75. Rd6 Rc8 76. Rc6 Rh8 77. Ka5 Rh5 78. Rd6 Rg5 79. Kb6 Rg8 80. Kc7 Rg7+ 81. Rd7 Rg1 82. b6 Rc1+ 83. Kd8 Rc6 84. b7+ Kb8 85. a7+ Kxa7 86. Rc7 Rh6 87. Re7 Kb8 88. Ke8 1/2-1/2